| 000 | 00730nam a2200229 i 4500 | ||
|---|---|---|---|
| 001 | 34187 | ||
| 003 | ES-MaACL | ||
| 005 | 20251122063108.0 | ||
| 007 | t| | ||
| 008 | 030204s1982 sp ||||1| spa d | ||
| 080 | _a821.111-82"18" | ||
| 100 | 1 |
_aBlanco White, José María, _d1775-1841 _929306 |
|
| 245 | 1 | 0 |
_aObra inglesa de D. José María Blanco White (seud.) / _ccon un prólogo de Juan Goytisolo. |
| 250 | _a3ª ed. | ||
| 260 |
_aBarcelona : _bSeix Barral, _c[1982] |
||
| 300 |
_aX, 331 p. ; _c20 cm. |
||
| 490 | 1 |
_aBiblioteca breve ; _v619 |
|
| 700 | 1 |
_aGoytisolo, Juan. _959422 |
|
| 830 | 0 |
_aBiblioteca breve (Seix Barral) _v619 _9227188 |
|
| 852 |
_aES-MaACL _jL-4369 _bR.105030 |
||
| 999 |
_c34187 _d34187 |
||